| 000 | 01235nam a22001817a 4500 | ||
|---|---|---|---|
| 999 |
_c63446 _d63446 |
||
| 003 | Ge_BSU | ||
| 005 | 20251010162403.0 | ||
| 008 | 251010s1979 ge ||||| |||| 00| 0 geo d | ||
| 041 | _ageo | ||
| 080 | _a338(479.223) ა-97 | ||
| 245 |
_aაჭარის ასსრ სახალხო მეურნეობის ზოგიერთი დარგის განვითარების პრობლემები _b[სტატიების კრებული] / _cრედაქტორი დ. დიასამიძე ; საქ. სსრ მეცნ. აკად., ბათუმის სამეცნ-კვლევ. ინ-ტი. |
||
| 264 |
_aთბილისი : _bმეცნიერება, _c1979. |
||
| 300 |
_a135 გვ. ; _b20 სმ. |
||
| 653 | _aაჭარის სახალხო მეურნეობა | ||
| 700 |
_aდიასამიძე, დ. _eრედაქტორი _910513 |
||
| 710 |
_aსაქართველოს სსრ მეცნიერებათა აკადემია _bბათუმის სამეცნიერო-კვლევითი ინსტიტუტი _914533 |
||
| 942 |
_2udc _cᲬᲘᲒᲜᲘ |
||